[Event "HUN-chT2 Charousek 0708"]
[Site "Hungary"]
[Date "2007.11.25"]
[Round "3"]
[White "Bardossi, Jeno"]
[Black "Agardi, Norbert"]
[Result "0-1"]
[WhiteElo "2175"]
[BlackElo "2167"]
[PlyCount "88"]
[EventDate "2007.10.14"]
[EventType "team"]
[EventRounds "11"]
[EventCountry "HUN"]
[SourceTitle "EXT 2009"]
[Source "ChessBase"]
[SourceDate "2008.11.26"]
[SourceVersion "1"]
[SourceVersionDate "2008.11.26"]
[SourceQuality "1"]
[WhiteTeam "Csuti II"]
[BlackTeam "Vizugy"]
[WhiteTeamCountry "HUN"]
[BlackTeamCountry "HUN"]

1. e4 c5 2. c3 d5 3. exd5 Qxd5 4. d4 cxd4 5. cxd4 Nc6 6. Nf3 Bg4 7. Nc3 Bxf3 8. gxf3 Qxd4 9. Qxd4 Nxd4 10. Nb5 Ne6 11. f4 g6 12. Bg2 Bg7 13. Bxb7 Rb8 14. Bc6+ Kf8 15. Nc3 Rc8 16. Be4 Rxc3 17. Be3 Rc7 18. 0-0 Bxb2 19. Rab1 Bf6 20. f5 Nd4 21. Rfd1 gxf5 22. Rxd4 fxe4 23. Rb8+ Kg7 24. Rxe4 h5 25. Ra4 e6 26. Ra5 Ne7 27. Rxh8 Kxh8 28. Rxh5+ Kg7 29. Ra5 Nc8 30. Kg2 Nb6 31. Ra6 Rd7 32. a4 Bd4 33. Bxd4+ Rxd4 34. a5 Nc8 35. Rc6 Nd6 36. a6 Nb5 37. Kg3 Rd6 38. Rc5 Nd4 39. Ra5 Rb6 40. h4 Nf5+ 41. Kg4 Rb4+ 42. f4 Rb3 43. Kh5 Rh3 44. Rxf5 exf5 0-1

[Event "HUN-chT2 Charousek 0607"]
[Site "Hungary"]
[Date "2007.05.20"]
[Round "11"]
[White "Bardossi, Jeno"]
[Black "Berta, Krisztian"]
[Result "1/2-1/2"]
[WhiteElo "2173"]
[BlackElo "2247"]
[PlyCount "64"]
[EventDate "2006.11.12"]
[EventType "team"]
[EventRounds "11"]
[EventCountry "HUN"]
[SourceTitle "EXT 2008"]
[Source "ChessBase"]
[SourceDate "2007.11.25"]
[SourceVersion "1"]
[SourceVersionDate "2007.11.25"]
[SourceQuality "1"]
[WhiteTeam "Csuti II"]
[BlackTeam "Tapolca"]
[WhiteTeamCountry "HUN"]
[BlackTeamCountry "HUN"]

1. e4 d6 2. d4 Nf6 3. f3 g6 4. c4 Bg7 5. Nc3 0-0 6. Be3 Nc6 7. Nge2 a6 8. Qd2 Rb8 9. Nc1 e5 10. Nb3 exd4 11. Nxd4 Nxd4 12. Bxd4 Be6 13. a4 c6 14. a5 Re8 15. Be2 d5 16. cxd5 cxd5 17. e5 Nd7 18. f4 f6 19. exf6 Nxf6 20. Bb6 Qe7 21. 0-0 Ne4 22. Nxe4 dxe4 23. Ra4 Bf7 24. Re1 Qf6 25. Bc4 Bxc4 26. Rxc4 Qxb2 27. Qd5+ Kh8 28. Rcxe4 Rxe4 29. Qxe4 Qf6 30. Rd1 Qf7 31. Re1 Rf8 32. g3 Kg8 1/2-1/2

[Event "HUN-chT2 Charousek 0607"]
[Site "Hungary"]
[Date "2007.05.06"]
[Round "10"]
[White "Bardossi, Jeno"]
[Black "Neber, Akos"]
[Result "1-0"]
[WhiteElo "2173"]
[BlackElo "2195"]
[PlyCount "55"]
[EventDate "2006.11.12"]
[EventType "team"]
[EventRounds "11"]
[EventCountry "HUN"]
[SourceTitle "EXT 2008"]
[Source "ChessBase"]
[SourceDate "2007.11.25"]
[SourceVersion "1"]
[SourceVersionDate "2007.11.25"]
[SourceQuality "1"]
[WhiteTeam "Csuti II"]
[BlackTeam "Szenna Pack"]
[WhiteTeamCountry "HUN"]
[BlackTeamCountry "HUN"]

1. e4 e6 2. Qe2 c5 3. Nf3 Nc6 4. c3 d5 5. d3 Nge7 6. g3 g6 7. Bg2 Bg7 8. 0-0 0-0 9. e5 b6 10. Re1 a5 11. a4 Ba6 12. Bf4 b5 13. axb5 Bxb5 14. Nbd2 Ba6 15. h4 Qb6 16. Nf1 Rfb8 17. Ra2 Qb5 18. Rd1 Rb7 19. N1h2 a4 20. Ng4 Nf5 21. Nf6+ Bxf6 22. exf6 h5 23. Bh3 Rba7 24. Bxf5 exf5 25. Bd6 d4 26. Qd2 Nd8 27. Qh6 Ne6 28. Ng5 1-0

[Event "HUN-chT2 Charousek 0607"]
[Site "Hungary"]
[Date "2006.12.17"]
[Round "4"]
[White "Horvath, Gabor2222"]
[Black "Bardossi, Jeno"]
[Result "1-0"]
[WhiteElo "2233"]
[BlackElo "2173"]
[PlyCount "109"]
[EventDate "2006.11.12"]
[EventType "team"]
[EventRounds "11"]
[EventCountry "HUN"]
[SourceTitle "EXT 2008"]
[Source "ChessBase"]
[SourceDate "2007.11.25"]
[SourceVersion "1"]
[SourceVersionDate "2007.11.25"]
[SourceQuality "1"]
[WhiteTeam "Decs"]
[BlackTeam "Csuti II"]
[WhiteTeamCountry "HUN"]
[BlackTeamCountry "HUN"]

1. d4 Nf6 2. c4 e6 3. Nf3 Bb4+ 4. Bd2 Qe7 5. Nc3 0-0 6. g3 Bxc3 7. Bxc3 Ne4 8. Qc2 Nxc3 9. Qxc3 f5 10. Bg2 d6 11. e3 Nd7 12. 0-0 e5 13. b4 e4 14. Nd2 c6 15. a4 Nf6 16. c5 Be6 17. cxd6 Qxd6 18. Rab1 Rfd8 19. Rfc1 Rac8 20. Bf1 g5 21. Qc5 Qxc5 22. bxc5 Rc7 23. Rb2 f4 24. Rcb1 Rdd7 25. Bc4 Kf7 26. a5 Bd5 27. a6 bxa6 28. Bxa6 Ke7 29. Bc4 Ke6 30. Rb8 fxe3 31. fxe3 Ng4 32. Ba6 Nxe3 33. Bc8 Rxc8 34. Rxc8 Nc2 35. Re8+ Re7 36. Rxe7+ Kxe7 37. Nf1 Nxd4 38. Ne3 Ke6 39. Rb7 h5 40. Rxa7 Nb3 41. Rh7 Nxc5 42. Rxh5 Kf6 43. Kf2 Ne6 44. Ng4+ Kg7 45. Ke3 Kf7 46. Rh6 Ke7 47. Rf6 Kd6 48. Rf5 Ke7 49. Nf2 Ng7 50. Rxg5 Kf6 51. h4 Nf5+ 52. Kf4 Nd6 53. Ng4+ Kf7 54. h5 Ne8 55. h6 1-0

[Event "HUN-chT2 Charousek 0607"]
[Site "Hungary"]
[Date "2006.11.26"]
[Round "2"]
[White "Bardossi, Jeno"]
[Black "Sardy, Peter"]
[Result "0-1"]
[WhiteElo "2173"]
[BlackElo "2335"]
[PlyCount "72"]
[EventDate "2006.11.12"]
[EventType "team"]
[EventRounds "11"]
[EventCountry "HUN"]
[SourceTitle "EXT 2008"]
[Source "ChessBase"]
[SourceDate "2007.11.25"]
[SourceVersion "1"]
[SourceVersionDate "2007.11.25"]
[SourceQuality "1"]
[WhiteTeam "Csuti II"]
[BlackTeam "Lovo"]
[WhiteTeamCountry "HUN"]
[BlackTeamCountry "HUN"]

1. e4 c5 2. c3 e6 3. d4 d5 4. exd5 exd5 5. Be3 c4 6. b3 cxb3 7. axb3 Bd6 8. Na3 Nc6 9. Bd3 Nge7 10. Qb1 Ng6 11. Ne2 0-0 12. Nb5 Bb8 13. h4 Re8 14. h5 Nf8 15. Kf1 Qf6 16. Kg1 h6 17. Qc1 Bg4 18. Nf4 Ne7 19. Ra2 a6 20. Na3 Ne6 21. Nxe6 Bxe6 22. Re2 Bd6 23. Nc2 Nf5 24. Bd2 Rac8 25. Qe1 Bd7 26. Ne3 Nxe3 27. Rxe3 Rxe3 28. Bxe3 b5 29. Bd2 Bf4 30. Bxf4 Qxf4 31. g3 Qf3 32. Qd2 Bg4 33. Kh2 Re8 34. Bf1 Qf5 35. Kg1 Qb1 36. Kg2 Bf3+ 0-1

[Event "HUN-chT2 Charousek 0506"]
[Site "Hungary"]
[Date "2006.04.23"]
[Round "11"]
[White "Bardossi, Jeno"]
[Black "Hari, Danilo"]
[Result "1-0"]
[WhiteElo "2194"]
[BlackElo "2245"]
[PlyCount "105"]
[EventDate "2005.10.16"]
[EventType "team"]
[EventRounds "11"]
[EventCountry "HUN"]
[SourceTitle "EXT 2009"]
[Source "ChessBase"]
[SourceDate "2008.11.26"]
[SourceVersion "1"]
[SourceVersionDate "2008.11.26"]
[SourceQuality "1"]
[WhiteTeam "Csuti II"]
[BlackTeam "Szentgotthard"]
[WhiteTeamCountry "HUN"]
[BlackTeamCountry "HUN"]

1. e4 c5 2. Nf3 Nc6 3. c3 d5 4. exd5 Qxd5 5. d4 Bg4 6. Be2 cxd4 7. cxd4 e6 8. Nc3 Bb4 9. 0-0 Qd7 10. d5 exd5 11. Nxd5 0-0-0 12. Nxb4 Qxd1 13. Rxd1 Nxb4 14. Rxd8+ Kxd8 15. Ng5 Be6 16. Bg4 Ke7 17. Nxe6 fxe6 18. Bd2 Nd3 19. Be2 Nc5 20. Rc1 b6 21. b4 Nd7 22. Rc7 Ngf6 23. Bb5 Kd6 24. Rxa7 Rc8 25. Kf1 h6 26. a4 Rc2 27. Ke1 Ne5 28. Rxg7 Kd5 29. h3 Ne4 30. Be3 Rb2 31. Bxb6 Rxb4 32. Rc7 Rb1+ 33. Ke2 Rb2+ 34. Kd1 Nxf2+ 35. Bxf2 Rxf2 36. Rc2 Rf4 37. a5 Rb4 38. Be2 Ra4 39. a6 Ke4 40. Rc3 Ra2 41. Rc2 Ra3 42. Kd2 Kd4 43. Kc1 Nd3+ 44. Bxd3 Kxd3 45. Rc6 e5 46. Rxh6 e4 47. Rd6+ Ke2 48. h4 Kf2 49. Rf6+ Ke1 50. h5 e3 51. h6 Rc3+ 52. Kb2 Rc7 53. Re6 1-0

[Event "HUN-chT2 Charousek 0506"]
[Site "Hungary"]
[Date "2006.01.22"]
[Round "6"]
[White "Timko, Melinda"]
[Black "Bardossi, Jeno"]
[Result "1/2-1/2"]
[WhiteElo "2075"]
[BlackElo "2194"]
[PlyCount "113"]
[EventDate "2005.10.16"]
[EventType "team"]
[EventRounds "11"]
[EventCountry "HUN"]
[SourceTitle "EXT 2009"]
[Source "ChessBase"]
[SourceDate "2008.11.26"]
[SourceVersion "1"]
[SourceVersionDate "2008.11.26"]
[SourceQuality "1"]
[WhiteTeam "Husi"]
[BlackTeam "Csuti II"]
[WhiteTeamCountry "HUN"]
[BlackTeamCountry "HUN"]

1. d4 Nf6 2. Nf3 e6 3. c4 Bb4+ 4. Bd2 Qe7 5. e3 0-0 6. Bd3 Bxd2+ 7. Nbxd2 d6 8. 0-0 e5 9. Qc2 h6 10. Rac1 Re8 11. dxe5 dxe5 12. Ne4 Nbd7 13. Nfd2 Nxe4 14. Nxe4 Nc5 15. Nxc5 Qxc5 16. a3 a5 17. Rfd1 Bg4 18. Be2 Bxe2 19. Qxe2 Rad8 20. Rd2 b5 21. Rcd1 Rxd2 22. Rxd2 bxc4 23. Rc2 Rb8 24. h3 Qb5 25. Qxc4 Qxc4 26. Rxc4 Rxb2 27. Rc5 a4 28. Rc4 Kf8 29. Rxa4 Ke7 30. Rc4 Kd6 31. e4 Rb3 32. Ra4 Kc5 33. Kf1 Rb2 34. Ke1 g6 35. Ra7 Kd6 36. Ra5 f5 37. Rd5+ Ke6 38. Rd2 Rb3 39. exf5+ gxf5 40. Ra2 Kd6 41. Kd2 Kc5 42. Rc2+ Kd4 43. Rxc7 Rxa3 44. Ke2 Ra2+ 45. Kf3 e4+ 46. Kg3 f4+ 47. Kxf4 Rxf2+ 48. Kg3 e3 49. Ra7 Rc2 50. Ra4+ Kd3 51. Ra3+ Rc3 52. Ra2 Rc2 53. Ra3+ Kd2 54. Ra1 e2 55. Kf2 Rb2 56. Re1 Kd3 57. Ra1 1/2-1/2

[Event "HUN-chT2 Charousek 0506"]
[Site "Hungary"]
[Date "2006.01.21"]
[Round "3"]
[White "Gosztola, Istvan"]
[Black "Bardossi, Jeno"]
[Result "1/2-1/2"]
[WhiteElo "2176"]
[BlackElo "2194"]
[PlyCount "31"]
[EventDate "2005.10.16"]
[EventType "team"]
[EventRounds "11"]
[EventCountry "HUN"]
[SourceTitle "EXT 2009"]
[Source "ChessBase"]
[SourceDate "2008.11.26"]
[SourceVersion "1"]
[SourceVersionDate "2008.11.26"]
[SourceQuality "1"]
[WhiteTeam "Paks II"]
[BlackTeam "Csuti II"]
[WhiteTeamCountry "HUN"]
[BlackTeamCountry "HUN"]

1. e4 c5 2. c3 Nf6 3. e5 Nd5 4. d4 cxd4 5. Bc4 Nb6 6. Bb3 d5 7. cxd4 Bf5 8. Nc3 e6 9. g4 Bg6 10. h4 h6 11. Be3 Nc6 12. Rc1 Be7 13. Nf3 a6 14. h5 Bh7 15. Bc2 Bxc2 16. Qxc2 1/2-1/2